000 01080nam a22003017a 4500
001 7294
003 FISKH
005 20250708151340.0
008 250708b cb ||||| |||| 00| 0 eng d
020 _a9780064441711
040 _aFISKH
_beng
_cFISKH
_dFISKH
050 _aPZ7.P219 T
082 _a813.54
100 _aParish, Peggy
_d(1927–1988)
245 _aThank you, Amelia Bedelia /
_cStory by Peggy Parish ; Pictures by Barbara Siebel Thomas ; Based on the original drawings by Fritz Siebel
250 _aThis edition first published in 1964
260 _aNew York :
_bHarperCollins,
_c1964
300 _a64 pages :
_bcolor illustrations ;
_c23 cm
505 _aL
520 _aPreparing for the arrival of an important visitor, a wacky housekeeper follows her employer's instructions with humorous results.
521 8 _a510
_bLexile
521 8 _aL
_bRaz-Plus
650 _2Early reader
_a Humorous stories
650 _2Amelia Bedelia
_aFigurative language
700 _aThomas, Siebel Barbara
_dillustrator
942 _2ddc
_cBK
_n0
999 _c7294
_d7294